000 00213 a2200097 4500
001 2748
100 _aLittlewood, J.E.
245 _aMathematicians miscellany
260 _a
_bMethuen & co
_c
090 _c2044
_d2044
942 _aNUST-CAE
_cM
_c11603
999 _c237821
_d237821